| 000 | 00893 a2200229 4500 | ||
|---|---|---|---|
| 020 | _a000616174X | ||
| 040 |
_aDLC _bDLC |
||
| 100 | 1 | _aChristie, Agatha, | |
| 245 | 1 | 0 |
_aCat among the pigeons: a Hercule Poirot mystery _ba Hercule Poirot mystery _cChristie, Agatha |
| 250 | _aBerkley mass-market ed. | ||
| 260 |
_aNew York : _bHarper Collins, _c1994, |
||
| 300 |
_axi, 224 p. ; _c18 cm. |
||
| 650 | 0 | _aPoirot, Hercule (Fictitious character) | |
| 650 | 0 |
_aPrivate investigators _zEngland |
|
| 650 | 0 | _aBoarding schools | |
| 651 | 0 | _aEngland | |
| 655 | 7 | _aMystery fiction. | |
| 710 | 2 | _aCopyright Paperback Collection (Library of Congress) | |
| 856 | 4 | 2 |
_3Contributor biographical information _uhttp://www.loc.gov/catdir/enhancements/fy0717/2003576781-b.html |
| 856 | 4 | 2 |
_3Publisher description _uhttp://www.loc.gov/catdir/enhancements/fy0717/2003576781-d.html |
| 942 |
_cBK _k823.912 CHR _2ddc |
||
| 999 |
_c4914 _d4914 |
||